Southville International School and Colleges
Your cart is empty.
  • Cart
  • Lists
    Public lists Eva Luna New books Lux_list list_1
    Your lists Log in to create your own lists
  • Log in to your account
  • Your cookies
  • Search history
Southville International School and Colleges
  • Advanced search
  • Recent comments
  • Most popular
  • Libraries

Log in to your account

Log in with GOOGLE


If you do not have an external account, but do have a local account, you can still log in:

  1. Home
  2. MARC view: Data communications and computer networks :
Normal view MARC view ISBD view

Data communications and computer networks : (Record no. 290828)

[ view plain ]
MARC details
000 -LEADER
fixed length control field 00743nam a2200265Ia 4500
008 - FIXED-LENGTH DATA ELEMENTS--GENERAL INFORMATION
fixed length control field 160216s9999 xx 000 0 und d
020 ## - INTERNATIONAL STANDARD BOOK NUMBER
International Standard Book Number 0-619-16035-7
050 ## - LIBRARY OF CONGRESS CALL NUMBER
Classification number ComSc TK 5105.5
050 ## - LIBRARY OF CONGRESS CALL NUMBER
Item number .W45 2004
100 ## - MAIN ENTRY--PERSONAL NAME
Personal name White, Curt M.
245 ## - TITLE STATEMENT
Title Data communications and computer networks :
245 ## - TITLE STATEMENT
Remainder of title a business user's approach /
245 ## - TITLE STATEMENT
Statement of responsibility, etc Curt M. White.
250 ## - EDITION STATEMENT
Edition statement 3rd Edition
260 ## - PUBLICATION, DISTRIBUTION, ETC. (IMPRINT)
Place of publication, distribution, etc Boston, Massachusetts :
260 ## - PUBLICATION, DISTRIBUTION, ETC. (IMPRINT)
Name of publisher, distributor, etc Thomson Course Technology.
260 ## - PUBLICATION, DISTRIBUTION, ETC. (IMPRINT)
Date of publication, distribution, etc 2004
300 ## - PHYSICAL DESCRIPTION
Extent 520 pages :
300 ## - PHYSICAL DESCRIPTION
Other physical details ill. (some col.) ;
300 ## - PHYSICAL DESCRIPTION
Dimensions 28 cm.
500 ## - GENERAL NOTE
General note Includes index.
650 ## - SUBJECT ADDED ENTRY--TOPICAL TERM
Topical term or geographic name as entry element Computer network.
650 ## - SUBJECT ADDED ENTRY--TOPICAL TERM
Topical term or geographic name as entry element Data transmission systems.
650 ## - SUBJECT ADDED ENTRY--TOPICAL TERM
Topical term or geographic name as entry element OSI (Computer network standard).
Holdings
Withdrawn status Lost status Damaged status Home library Current library Shelving location Date acquired Cost, normal purchase price Total Checkouts Full call number Barcode Date last seen Price effective from Koha item type
      South Mansfield College South Mansfield College Reserve Section   9.00   ComSc TK 5105.5 .W45 2004 SMC01013 02/16/2016 02/16/2016  

Data communications and computer networks :

APA

White C. M., .Data communications and computer networks. Boston, Massachusetts: .

Chicago

White Curt M, .Data communications and computer networks. Boston, Massachusetts: .

Harvard

White C. M., .Data communications and computer networks. Boston, Massachusetts: .

MLA

White Curt M, .Boston, Massachusetts: . .

  • Place hold
  • Print
  • Cite
  • Add to your cart (remove)
  • Save record
    BIBTEX Dublin Core MARCXML MARC (non-Unicode/MARC-8) MARC (Unicode/UTF-8) MARC (Unicode/UTF-8, Standard) MODS (XML) RIS
  • More searches
    Search for this title in:
    Other Libraries (WorldCat) Other Databases (Google Scholar) Online Stores (Bookfinder.com) Open Library (openlibrary.org)

Exporting to Dublin Core...

SOUTHVILLE LIBRARY

Southville International School and Colleges Library

1281 Tropical Ave. Cor. Luxembourg St., BF Homes International, Las Pinas City

Tel. No. 8256374 / 252358 Loc. 117/146

Powered by Koha